00299 2200133 4500001002100000005001500021035002000036245004800056300000700104260002200111082000800133084001200141990001200153INLIS00000000000208620250527095718 a0010-0525000378 aIlmuwan Besar Thomas Edison /cSteve Parker a32 bPakar Raya,c2007 a500 a500 ILM a0713226